| 000 | 00349nam a22001337a 4500 | ||
|---|---|---|---|
| 008 | 160505b xxu||||| |||| 00| 0 eng d | ||
| 020 | _a2800071591241 | ||
| 020 | _a9780071591249 | ||
| 020 | _a00928682 | ||
| 041 | _aeng | ||
| 080 | _a61 | ||
| 245 |
_aCurrent medical diagnosis treatment: _cStephen J. McPhee; Maxine A. Papadakis; |
||
| 942 |
_2udc _cBK |
||
| 999 |
_c1824 _d1824 |
||